[Event "Tarragona-chA"]
[Site "Tarragona"]
[Date "2017.10.08"]
[Round "1"]
[White "Amigo Cervello, Juan"]
[Black "Sanchez Bernardino, Miguel Angel"]
[Result "0-1"]
[WhiteElo "1770"]
[BlackElo "1954"]
[PlyCount "82"]
[EventDate "2017.10.08"]
[EventType "swiss"]
[EventRounds "9"]
[EventCountry "ESP"]
[SourceTitle "CBM 181 Extra"]
[Source "ChessBase"]
[SourceDate "2017.12.12"]
[SourceVersion "1"]
[SourceVersionDate "2017.12.12"]
[SourceQuality "1"]

1. d4 d5 2. c4 c6 3. cxd5 cxd5 4. Nc3 Nf6 5. Qb3 Nc6 6. e3 Na5 7. Bb5+ Bd7 8. Qa4 Nc6 9. Nf3 e6 10. Ne5 Qc7 11. Bxc6 bxc6 12. 0-0 Bd6 13. f4 0-0 14. Bd2 Rfb8 15. Qc2 c5 16. Rac1 cxd4 17. Nxd7 Nxd7 18. exd4 Qb6 19. Qa4 Qxb2 20. Rc2 Qb7 21. Rb1 Nb6 22. Qb5 Qc7 23. Qd3 Rc8 24. g3 a6 25. Rcb2 Nc4 26. Rb7 Qc6 27. Be1 Bb8 28. f5 exf5 29. Qf3 Rd8 30. Nxd5 Qxd5 31. Qxd5 Rxd5 32. Rxb8+ Rd8 33. Rxa8 Rxa8 34. Rc1 Rc8 35. Bb4 f6 36. Kf2 Kf7 37. Bc5 Nd6 38. Ke3 Ke6 39. Rb1 Kd5 40. Kd3 Ne4 41. Rb7 Rxc5 0-1

[Event "Tarragona Province-chA"]
[Site "L'Hospitalet Infant"]
[Date "2016.10.02"]
[Round "1"]
[White "Guasch Figuerola, Agusti"]
[Black "Amigo Cervello, Juan"]
[Result "1-0"]
[WhiteElo "2101"]
[BlackElo "1781"]
[PlyCount "93"]
[EventDate "2016.10.02"]
[EventType "swiss"]
[EventRounds "9"]
[EventCountry "ESP"]
[SourceTitle "EXT 2018"]
[Source "ChessBase"]
[SourceDate "2017.10.13"]
[SourceVersion "1"]
[SourceVersionDate "2017.10.13"]
[SourceQuality "1"]

1. g3 e5 2. c4 d6 3. Bg2 f5 4. Nc3 Nf6 5. d3 c6 6. f4 Be7 7. Nf3 Qc7 8. 0-0 0-0 9. Kh1 Re8 10. Be3 Bf8 11. Bg1 Nbd7 12. b4 e4 13. Nd4 Nb6 14. a4 d5 15. a5 Nbd7 16. cxd5 cxd5 17. Qb3 Qd6 18. Ncb5 Qb8 19. Rfc1 exd3 20. exd3 Kh8 21. Nxf5 Nc5 22. Bxc5 Bxf5 23. Bxf8 Rxf8 24. Nc7 Ng4 25. d4 Be4 26. Bxe4 dxe4 27. Qe6 h5 28. Nxa8 Qxa8 29. Rc7 Qd8 30. Rd7 Qe8 31. d5 e3 32. Re1 Qc8 33. Qd6 Re8 34. Qc7 Qxc7 35. Rxc7 Rd8 36. h3 Nf2+ 37. Kg2 Rxd5 38. Rxe3 Rd2 39. Kf3 Nxh3 40. Rxb7 Ng1+ 41. Ke4 a6 42. Rb6 Rb2 43. Kf5 Kh7 44. Kg5 h4 45. Kg4 g6 46. Re7+ Kh6 47. Rb8 1-0

[Event "Tarragona Province-ch Seniors"]
[Site "Salou"]
[Date "2014.02.27"]
[Round "5"]
[White "Amigo Cervello, Juan"]
[Black "Llaberia Borras, Salvador"]
[Result "0-1"]
[WhiteElo "1987"]
[BlackElo "2000"]
[PlyCount "160"]
[EventDate "2014.01.30"]
[EventType "swiss"]
[EventRounds "8"]
[EventCountry "ESP"]
[SourceTitle "EXT 2024"]
[Source "ChessBase"]
[SourceDate "2023.10.10"]
[SourceVersion "1"]
[SourceVersionDate "2023.10.10"]
[SourceQuality "1"]

1. d4 d5 2. c4 e6 3. Nc3 Nf6 4. e3 Nbd7 5. Nge2 Be7 6. Ng3 c5 7. dxc5 Nxc5 8. cxd5 exd5 9. Bb5+ Bd7 10. 0-0 0-0 11. Re1 Bxb5 12. Nxb5 Nce4 13. f3 Nxg3 14. hxg3 Qb6 15. Nd4 Rac8 16. Qb3 Bc5 17. Qxb6 Bxb6 18. Bd2 Bxd4 19. exd4 Rfe8 20. Bc3 Re6 21. Kf2 Rce8 22. a4 Nd7 23. a5 Rxe1 24. Bxe1 Rc8 25. Bc3 f6 26. Rh1 h6 27. Rh5 g5 28. Rxh6 Kg7 29. Rh5 b6 30. f4 bxa5 31. f5 a4 32. Rh1 a3 33. Rc1 axb2 34. Bxb2 Rxc1 35. Bxc1 Nb6 36. Ke2 Nc4 37. Kd3 Kf7 38. Kc3 g4 39. Kb4 Nd6 40. Kc5 Nxf5 41. Kxd5 Ke7 42. Bf4 Kd7 43. Kc5 Ne7 44. d5 Ng6 45. Bb8 a6 46. Kb6 Ne7 47. Kc5 a5 48. Bf4 a4 49. Bc1 f5 50. Bb2 Nc8 51. Be5 a3 52. Kb4 a2 53. Kb3 Nb6 54. Kxa2 Nxd5 55. Kb3 Ne3 56. Kc3 Ke6 57. Bb8 Kd5 58. Kd3 Nxg2 59. Ke2 Ke4 60. Kf2 Ne3 61. Bf4 Nd5 62. Bb8 Nb4 63. Kg2 Nd3 64. Bc7 Ke3 65. Bb8 Ke2 66. Bc7 Ne1+ 67. Kg1 Kf3 68. Bb8 Nd3 69. Bc7 Nc1 70. Kh2 Ne2 71. Bb8 Kf2 72. Bc7 Kf1 73. Bb8 Nd4 74. Bc7 Nf3+ 75. Kh1 Ng5 76. Bf4 Nh3 77. Bb8 f4 78. gxf4 g3 79. Ba7 Nf2+ 80. Bxf2 Kxf2 0-1

[Event "Tarragona Province-ch Seniors"]
[Site "Salou"]
[Date "2014.02.06"]
[Round "2"]
[White "Margalef Guell, Jordi"]
[Black "Amigo Cervello, Juan"]
[Result "1/2-1/2"]
[WhiteElo "2106"]
[BlackElo "1987"]
[PlyCount "127"]
[EventDate "2014.01.30"]
[EventType "swiss"]
[EventRounds "8"]
[EventCountry "ESP"]
[SourceTitle "EXT 2024"]
[Source "ChessBase"]
[SourceDate "2023.10.10"]
[SourceVersion "1"]
[SourceVersionDate "2023.10.10"]
[SourceQuality "1"]

1. d4 d5 2. c4 e6 3. Nc3 Nf6 4. Bg5 Nbd7 5. e3 c6 6. cxd5 exd5 7. Bd3 Qa5 8. Bxf6 Nxf6 9. Nge2 Bd6 10. Qc2 Be6 11. a3 Qc7 12. Ng3 a6 13. Nce2 c5 14. dxc5 Qxc5 15. Qxc5 Bxc5 16. Rc1 Rc8 17. Kd2 0-0 18. b4 Bd6 19. Nf5 Bxf5 20. Bxf5 Rc4 21. f3 Be5 22. Bd3 Rcc8 23. g3 Rfd8 24. Rxc8 Rxc8 25. Rc1 Rxc1 26. Kxc1 h5 27. Bf5 b6 28. Kc2 Kf8 29. Kb3 Ke7 30. Bc8 a5 31. bxa5 bxa5 32. Ka4 Bd6 33. Nd4 Kd8 34. Ba6 Bc5 35. Nc2 Bb6 36. Kb5 Kc7 37. Nd4 Ne8 38. Ka4 Nd6 39. Bf1 Bxd4 40. exd4 Kb6 41. Kb3 Nf5 42. Kc3 g5 43. a4 Ne3 44. Bb5 f6 45. Bd3 f5 46. f4 gxf4 47. gxf4 Kc7 48. Kd2 Ng2 49. Bxf5 Nxf4 50. Ke3 Ng2+ 51. Kf3 Nh4+ 52. Kf4 Kd6 53. Bh3 Ng6+ 54. Kg5 Ne7 55. Kxh5 Nc6 56. Bg4 Nxd4 57. Kg6 Nc6 58. Kf5 Ne7+ 59. Kf4 Ng6+ 60. Kg5 Ne5 61. Bd1 d4 62. h4 d3 63. Kf4 Ng6+ 64. Ke3 1/2-1/2